Central Library OPAC University of Rajshahi

Poets of reality : (Record no. 17925)

MARC details
000 -LEADER
fixed length control field 01135cam a22002771 4500
001 - CONTROL NUMBER
control field 17925
003 - CONTROL NUMBER IDENTIFIER
rucl marc code BD-RjUL
005 - DATE AND TIME OF LATEST TRANSACTION
control field 20211209000218.0
008 - FIXED-LENGTH DATA ELEMENTS--GENERAL INFORMATION
fixed length control field 140219s1965 mau b 001 0 eng
035 ## - SYSTEM CONTROL NUMBER
System control number (BD-RjUL)17983
040 ## - CATALOGING SOURCE
Original cataloging agency DLC
Transcribing agency DLC
Modifying agency DLC
-- BD-RjUL
Language of cataloging eng
041 ## - LANGUAGE CODE
Language code of text/sound track or separate title eng
082 00 - DEWEY DECIMAL CLASSIFICATION NUMBER
Classification number 821.00912
Author mark and year MIP 1965
100 1# - MAIN ENTRY--PERSONAL NAME
Personal name Miller, J. Hillis.
Fuller form of name (Joseph Hillis),
Dates associated with a name 1928-
9 (RLIN) 55300
245 10 - TITLE STATEMENT
Title Poets of reality :
Remainder of title six twentieth-century writers /
Statement of responsibility, etc. by J. Hillis Miller.
260 ## - PUBLICATION, DISTRIBUTION, ETC. (IMPRINT)
Place of publication, distribution, etc. Cambridge :
Name of publisher, distributor, etc. Belknap Press of Harvard University Press,
Date of publication, distribution, etc. 1966, c1965
300 ## - PHYSICAL DESCRIPTION
Pagination ix, 369 p. ;
Size 25 cm.
504 ## - BIBLIOGRAPHY, ETC. NOTE
Bibliography, etc Bibliographical footnotes & Includes Index.
505 0# - FORMATTED CONTENTS NOTE
Formatted contents note The poetry of reality.--Joseph Conrad: The darkness; The secret agent.--W. B. Yeats.--T. S. Eliot.--Dylan Thomas.--Wallace Stevens.--William Carlos Williams.
650 #0 - SUBJECT ADDED ENTRY--TOPICAL TERM
Topical term or geographic name as entry element English poetry
Chronological subdivision 20th century
General subdivision History and criticism.
9 (RLIN) 53041
Topical term or geographic name as entry element American poetry
Chronological subdivision 20th century
General subdivision History and criticism.
9 (RLIN) 51744
651 #0 - SUBJECT ADDED ENTRY--GEOGRAPHIC NAME
Geographic name English-speaking countries
General subdivision Intellectual life
Chronological subdivision 20th century.
9 (RLIN) 54259
942 ## - ADDED ENTRY ELEMENTS (KOHA)
Source of classification or shelving scheme Dewey Decimal Classification
Koha item type Books
Holdings
Lost status Source of classification or shelving scheme Damaged status Not for loan Collection code Permanent Location Current Location Shelving location Date acquired Source of acquisition Cost, normal purchase price Total Checkouts Full call number Date last seen Date checked out Copy number Koha item type
  Dewey Decimal Classification     Fiction Central Library, University of Rajshahi Central Library, University of Rajshahi   05/11/1968 Zeitlinger 75.60 1 821.00912 MIP 1965 02/05/2019 28/04/2019 C-2 Books
  Dewey Decimal Classification   Not For Loan Fiction Central Library, University of Rajshahi Central Library, University of Rajshahi Reading Room 18/04/1967 Blackwell 48.00   821.00912 MIP 1966 28/01/2017   C-1 Books